[Event "Tula Region-ch op"]
[Site "Tula"]
[Date "2008.08.05"]
[Round "5"]
[White "Khanov, Vjacheslav"]
[Black "Ganin, Alexander"]
[Result "0-1"]
[WhiteElo "2162"]
[BlackElo "1945"]
[PlyCount "64"]
[EventDate "2008.08.01"]
[EventType "swiss"]
[EventRounds "9"]
[EventCountry "RUS"]
[SourceTitle "EXT 2022"]
[Source "ChessBase"]
[SourceDate "2021.10.06"]
[SourceVersion "1"]
[SourceVersionDate "2021.10.06"]
[SourceQuality "1"]

1. e4 e5 2. Nf3 Nf6 3. Nxe5 d6 4. Nf3 Nxe4 5. d4 d5 6. Bd3 Nc6 7. h3 Be7 8. 0-0 0-0 9. Re1 Bf5 10. c3 Re8 11. Qc2 Bg6 12. Bf4 Bd6 13. Be3 Qf6 14. Qb3 Nxf2 15. Kxf2 Bxd3 16. Qxb7 Rab8 17. Qxc6 Bg3+ 18. Kxg3 Qxc6 19. Ne5 Qe6 20. Kf2 Rxb2+ 21. Nd2 Be4 22. Kg1 Qa6 23. a4 f6 24. Nd7 Qd3 25. Nc5 Qxc3 26. Rac1 Rc2 27. Rxc2 Qxc2 28. Kf2 f5 29. Re2 Qc3 30. g3 Bh1 31. Ndb3 g5 32. Re1 f4 0-1

[Event "Tula Region-ch op"]
[Site "Tula"]
[Date "2008.08.01"]
[Round "1"]
[White "Khanov, Vjacheslav"]
[Black "Diordiyaschenko, Dmitry"]
[Result "0-1"]
[WhiteElo "2162"]
[BlackElo "1837"]
[PlyCount "40"]
[EventDate "2008.08.01"]
[EventType "swiss"]
[EventRounds "9"]
[EventCountry "RUS"]
[SourceTitle "EXT 2022"]
[Source "ChessBase"]
[SourceDate "2021.10.06"]
[SourceVersion "1"]
[SourceVersionDate "2021.10.06"]
[SourceQuality "1"]

1. d4 e6 2. c4 d5 3. Nc3 Nf6 4. Nf3 Be7 5. g3 0-0 6. Bg2 dxc4 7. Qa4 c5 8. Qxc4 cxd4 9. Nxd4 e5 10. Nf3 Nc6 11. 0-0 Be6 12. Qb5 Qc7 13. Be3 Rfd8 14. Ng5 Nd4 15. Nxe6 fxe6 16. Qa4 a6 17. Rac1 Qb6 18. b3 Rac8 19. Rfd1 Rxc3 20. Bxd4 Rxd4 0-1

[Event "Tula CC-ch"]
[Site "Tula"]
[Date "2007.12.18"]
[Round "3"]
[White "Khanov, Vjacheslav"]
[Black "Chuzhakin, Evgeny"]
[Result "1-0"]
[WhiteElo "2168"]
[BlackElo "2112"]
[PlyCount "91"]
[EventDate "2007.12.08"]
[EventType "swiss"]
[EventRounds "9"]
[EventCountry "RUS"]
[SourceTitle "CBM 122 Extra"]
[Source "ChessBase"]
[SourceDate "2008.03.04"]
[SourceVersion "1"]
[SourceVersionDate "2008.03.04"]
[SourceQuality "1"]

1. d4 Nf6 2. c4 g6 3. Nc3 Bg7 4. e4 d6 5. Be2 0-0 6. Bg5 Nbd7 7. Nf3 e5 8. dxe5 dxe5 9. Qd2 c6 10. 0-0 Qc7 11. b4 b6 12. Rfd1 Re8 13. a3 Bf8 14. Ne1 Bb7 15. Qe3 a5 16. Nc2 Ra7 17. Rab1 Raa8 18. h3 axb4 19. axb4 Re6 20. Rdc1 Ree8 21. Bf3 Re6 22. Qe2 Ree8 23. Qd2 Re6 24. Ra1 Qb8 25. Qe3 Rxa1 26. Rxa1 Qc7 27. Be2 Re8 28. f3 Nh5 29. Bh4 Nf4 30. Bf2 Bc8 31. Bf1 Bh6 32. Qe1 Nf6 33. b5 Bf8 34. Rb1 Bc5 35. Bxc5 bxc5 36. Qe3 Ne6 37. Ne1 Nh5 38. Nd3 Nd4 39. b6 Qe7 40. Na4 Ba6 41. Ndxc5 Bb7 42. Nxb7 Qxb7 43. Nc5 Qb8 44. b7 Qa7 45. Qf2 Rb8 46. Nd7 1-0

[Event "Tula CC-ch"]
[Site "Tula"]
[Date "2007.12.11"]
[Round "2"]
[White "Rodionov, Alexander1111"]
[Black "Khanov, Vjacheslav"]
[Result "0-1"]
[WhiteElo "2053"]
[BlackElo "2168"]
[PlyCount "68"]
[EventDate "2007.12.08"]
[EventType "swiss"]
[EventRounds "9"]
[EventCountry "RUS"]
[SourceTitle "CBM 122 Extra"]
[Source "ChessBase"]
[SourceDate "2008.03.04"]
[SourceVersion "1"]
[SourceVersionDate "2008.03.04"]
[SourceQuality "1"]

1. e4 e5 2. Nf3 Nc6 3. Bb5 a6 4. Ba4 Nf6 5. 0-0 Be7 6. Re1 b5 7. Bb3 d6 8. c3 0-0 9. h3 Na5 10. Bc2 c5 11. d4 Nd7 12. Nbd2 cxd4 13. cxd4 Nc6 14. Nf1 Qc7 15. Bb1 Bb7 16. Ne3 Nxd4 17. Nxd4 exd4 18. Nf5 Bf6 19. Nxd4 Rac8 20. Nf5 Ne5 21. a4 Nc4 22. axb5 axb5 23. Qg4 Ne5 24. Qe2 Bc6 25. Ra3 Bd7 26. Qh5 Ng6 27. Ne3 Be5 28. Nd5 Qxc1 29. Rae3 Qxb2 30. f4 Bd4 31. e5 Rc1 32. Ne7+ Kh8 33. Bxg6 Bxe3+ 34. Kf1 Qf2# 0-1

[Event "Tula CC-ch"]
[Site "Tula"]
[Date "2005.10.19"]
[Round "5"]
[White "Tanaev, Viktor"]
[Black "Khanov, Vjacheslav"]
[Result "0-1"]
[WhiteElo "2117"]
[BlackElo "2251"]
[PlyCount "86"]
[EventDate "2005.10.15"]
[EventType "swiss"]
[EventRounds "9"]
[EventCountry "RUS"]
[SourceTitle "EXT 2006"]
[Source "ChessBase"]
[SourceDate "2005.11.24"]
[SourceVersion "1"]
[SourceVersionDate "2005.11.24"]
[SourceQuality "1"]

1. d4 Nf6 2. c4 g6 3. Nc3 d5 4. cxd5 Nxd5 5. e4 Nxc3 6. bxc3 Bg7 7. Bb2 c5 8. Bb5+ Bd7 9. Bxd7+ Nxd7 10. Ne2 0-0 11. 0-0 Nb6 12. e5 Nd5 13. c4 Nb6 14. Rc1 cxd4 15. Qxd4 Qxd4 16. Bxd4 Rfd8 17. f4 Rac8 18. Bxb6 axb6 19. Rc2 e6 20. g3 Bf8 21. Kg2 b5 22. Rb1 b4 23. Rbc1 b6 24. Rb2 Rd3 25. Rcc2 Rcd8 26. Nc1 Rc3 27. Ne2 Rcd3 28. Nc1 Rd1 29. Nb3 R8d3 30. Nc1 Re3 31. Ne2 Bc5 32. Rd2 Re1 33. Rbc2 Kg7 34. Rb2 h6 35. Rbc2 g5 36. h3 Kg6 37. Rb2 h5 38. fxg5 Kxg5 39. Nf4 h4 40. Ne2 Rxe5 41. gxh4+ Kxh4 42. Nd4 Rg5+ 43. Kf2 Re4 0-1

[Event "Tula Region-ch"]
[Site "Tula"]
[Date "2005.08.12"]
[Round "8"]
[White "Kazakov, Nikolay"]
[Black "Khanov, Vjacheslav"]
[Result "0-1"]
[WhiteElo "1862"]
[BlackElo "2251"]
[PlyCount "68"]
[EventDate "2005.08.05"]
[EventType "swiss"]
[EventRounds "9"]
[EventCountry "RUS"]
[SourceTitle "EXT 2006"]
[Source "ChessBase"]
[SourceDate "2005.11.24"]
[SourceVersion "1"]
[SourceVersionDate "2005.11.24"]
[SourceQuality "1"]

1. e4 c5 2. Nf3 d6 3. Bc4 Nf6 4. Nc3 e6 5. d3 Be7 6. 0-0 0-0 7. Bg5 Nbd7 8. d4 cxd4 9. Nxd4 Ne5 10. Be2 h6 11. Be3 a6 12. f4 Nc6 13. Nxc6 bxc6 14. Bf3 Rb8 15. Rb1 d5 16. e5 Nd7 17. Ne2 c5 18. Bf2 Nb6 19. b3 a5 20. Kh1 Ba6 21. Qd2 d4 22. Rfe1 Nd5 23. Bxd5 Qxd5 24. Ng3 a4 25. Nh5 axb3 26. axb3 Bb7 27. Rg1 Ra8 28. Rbe1 Ra2 29. Qd3 g6 30. Nf6+ Bxf6 31. exf6 Qf5 32. Qxf5 gxf5 33. Rc1 Be4 34. c4 Rxf2 0-1

[Event "Tula Region-ch"]
[Site "Tula"]
[Date "2005.08.09"]
[Round "5"]
[White "Khanov, Vjacheslav"]
[Black "Tanaev, Viktor"]
[Result "1-0"]
[WhiteElo "2251"]
[BlackElo "2117"]
[PlyCount "33"]
[EventDate "2005.08.05"]
[EventType "swiss"]
[EventRounds "9"]
[EventCountry "RUS"]
[SourceTitle "EXT 2006"]
[Source "ChessBase"]
[SourceDate "2005.11.24"]
[SourceVersion "1"]
[SourceVersionDate "2005.11.24"]
[SourceQuality "1"]

1. d4 e6 2. c4 Nf6 3. g3 g6 4. Bg2 Bg7 5. e4 d6 6. Nc3 0-0 7. Nf3 c6 8. 0-0 Nfd7 9. Qc2 a6 10. a3 e5 11. Be3 Qc7 12. Rad1 exd4 13. Bxd4 Ne5 14. Nxe5 dxe5 15. Bc5 Rd8 16. Na4 Nd7 17. Bd6 1-0

[Event "RUS-Cup sf 06"]
[Site "Tula"]
[Date "2005.06.18"]
[Round "4"]
[White "Krivobokov, Aleksey"]
[Black "Khanov, Vjacheslav"]
[Result "0-1"]
[WhiteElo "2178"]
[BlackElo "2251"]
[PlyCount "92"]
[EventDate "2005.06.14"]
[EventType "swiss"]
[EventRounds "7"]
[EventCountry "RUS"]
[SourceTitle "EXT 2006"]
[Source "ChessBase"]
[SourceDate "2005.11.24"]
[SourceVersion "1"]
[SourceVersionDate "2005.11.24"]
[SourceQuality "1"]

1. e4 c5 2. f4 Nc6 3. Nf3 e6 4. Bb5 Nge7 5. 0-0 a6 6. Be2 d5 7. d3 Qc7 8. c4 dxc4 9. dxc4 g6 10. Nc3 Bg7 11. Be3 b6 12. Qe1 Nd4 13. Bd3 Nxf3+ 14. Rxf3 0-0 15. Qh4 f5 16. e5 Nc6 17. g4 Qd8 18. Qxd8 Rxd8 19. Bc2 Nd4 20. Bxd4 cxd4 21. Rd1 Bb7 22. Rfd3 Bf8 23. gxf5 gxf5 24. Kf1 Bc5 25. Na4 a5 26. Nxc5 bxc5 27. Kf2 Kh8 28. Rg3 Rg8 29. Rdg1 Rxg3 30. Rxg3 Bc6 31. a4 Rb8 32. b3 Bxa4 33. Bd1 Be8 34. Rd3 Bc6 35. Rd2 Rb4 36. Ra2 a4 37. bxa4 Rxc4 38. a5 Rc1 39. Be2 c4 40. a6 d3 41. a7 Rc2 42. a8Q+ Bxa8 43. Rxa8+ Kg7 44. Ke1 Rxe2+ 45. Kd1 c3 46. Rd8 c2+ 0-1

[Event "RUS-Cup sf 06"]
[Site "Tula"]
[Date "2005.06.14"]
[Round "1"]
[White "Khanov, Vjacheslav"]
[Black "Drizgalovich, Mikhail"]
[Result "1-0"]
[WhiteElo "2251"]
[BlackElo "2068"]
[PlyCount "73"]
[EventDate "2005.06.14"]
[EventType "swiss"]
[EventRounds "7"]
[EventCountry "RUS"]
[SourceTitle "EXT 2006"]
[Source "ChessBase"]
[SourceDate "2005.11.24"]
[SourceVersion "1"]
[SourceVersionDate "2005.11.24"]
[SourceQuality "1"]

1. e4 c5 2. Nc3 e6 3. g3 Nc6 4. Bg2 Nf6 5. d3 Be7 6. h3 d6 7. Be3 Rb8 8. Qd2 b5 9. f4 Qc7 10. Nf3 b4 11. Ne2 e5 12. 0-0 a5 13. g4 Ba6 14. Ng3 g6 15. f5 Nd4 16. Bg5 Ng8 17. Nxd4 cxd4 18. Bxe7 Nxe7 19. Rf2 a4 20. Raf1 Rf8 21. Qh6 b3 22. axb3 axb3 23. Rc1 Qb6 24. Bf1 Rc8 25. Qxh7 Rxc2 26. Rfxc2 bxc2 27. Rxc2 Qb3 28. Rd2 d5 29. Qg7 gxf5 30. Qxe5 f6 31. Qd6 fxe4 32. Qxa6 e3 33. Rg2 Qb8 34. Nf5 Qe5 35. Qa5 Kf7 36. Nxe7 Re8 37. Nf5 1-0

[Event "RUS-Cup sf 05"]
[Site "Tula"]
[Date "2005.05.24"]
[Round "7"]
[White "Akhromiev, Vladimir"]
[Black "Khanov, Vjacheslav"]
[Result "1/2-1/2"]
[WhiteElo "2274"]
[BlackElo "2251"]
[PlyCount "31"]
[EventDate "2005.05.11"]
[EventType "swiss"]
[EventRounds "7"]
[EventCountry "RUS"]
[SourceTitle "EXT 2006"]
[Source "ChessBase"]
[SourceDate "2005.11.24"]
[SourceVersion "1"]
[SourceVersionDate "2005.11.24"]
[SourceQuality "1"]

1. e4 e5 2. Nf3 Nc6 3. d4 exd4 4. Nxd4 d6 5. Bb5 Bd7 6. Bxc6 bxc6 7. 0-0 Be7 8. Qe2 Bf6 9. Rd1 Ne7 10. f4 Bxd4+ 11. Rxd4 0-0 12. f5 d5 13. f6 Ng6 14. exd5 Qxf6 15. Qf2 Qe5 16. Nc3 1/2-1/2

[Event "RUS-Cup sf 05"]
[Site "Tula"]
[Date "2005.05.14"]
[Round "3"]
[White "Khanov, Vjacheslav"]
[Black "Ponomarenko, Viktor"]
[Result "1/2-1/2"]
[WhiteElo "2251"]
[BlackElo "2250"]
[PlyCount "91"]
[EventDate "2005.05.11"]
[EventType "swiss"]
[EventRounds "7"]
[EventCountry "RUS"]
[SourceTitle "EXT 2006"]
[Source "ChessBase"]
[SourceDate "2005.11.24"]
[SourceVersion "1"]
[SourceVersionDate "2005.11.24"]
[SourceQuality "1"]

1. d4 Nf6 2. c4 e6 3. g3 Bb4+ 4. Bd2 Qe7 5. Bg2 d5 6. a3 Bxd2+ 7. Nxd2 0-0 8. Ngf3 b6 9. 0-0 Bb7 10. Rc1 Rd8 11. Qc2 Nc6 12. e3 Rac8 13. Rfd1 Nb8 14. c5 c6 15. b4 Ba6 16. Nb3 Nbd7 17. a4 e5 18. dxe5 Nxe5 19. Nxe5 Qxe5 20. Nd4 Bb7 21. Qf5 Qxf5 22. Nxf5 bxc5 23. Ne7+ Kf8 24. Nxc8 Bxc8 25. Rxc5 Bd7 26. b5 cxb5 27. axb5 Rb8 28. Bxd5 Bxb5 29. Rb1 a6 30. e4 Re8 31. f3 Nd7 32. Rc7 Ke7 33. Bc6 Bxc6 34. Rxc6 Ne5 35. Rc3 Ra8 36. f4 Nd7 37. Rb7 Rb8 38. Rxb8 Nxb8 39. Kf2 Kd6 40. Ke3 Nc6 41. Kd3 f6 42. Ra3 Kc5 43. Kc3 a5 44. Ra1 g6 45. Rd1 Nb4 46. Rd8 1/2-1/2

[Event "RUS-Cup sf 05"]
[Site "Tula"]
[Date "2005.05.13"]
[Round "2"]
[White "Krivobokov, Sergei"]
[Black "Khanov, Vjacheslav"]
[Result "0-1"]
[WhiteElo "2149"]
[BlackElo "2251"]
[PlyCount "58"]
[EventDate "2005.05.11"]
[EventType "swiss"]
[EventRounds "7"]
[EventCountry "RUS"]
[SourceTitle "EXT 2006"]
[Source "ChessBase"]
[SourceDate "2005.11.24"]
[SourceVersion "1"]
[SourceVersionDate "2005.11.24"]
[SourceQuality "1"]

1. e4 c5 2. f4 Nc6 3. Nf3 e6 4. Bb5 Nge7 5. 0-0 a6 6. Be2 d5 7. d3 Bd7 8. c4 Qc7 9. f5 dxe4 10. fxe6 Bxe6 11. Ng5 Ng6 12. Nxe6 fxe6 13. Bg5 Qe5 14. Qd2 Bd6 15. g3 Rf8 16. Nc3 Nd4 17. Nxe4 Kd7 18. Rae1 Rxf1+ 19. Rxf1 Rf8 20. Rxf8 Bxf8 21. Bd1 Be7 22. Bxe7 Nxe7 23. Qg5 Qxg5 24. Nxg5 h6 25. Nf3 Nef5 26. Kf2 Kd6 27. Nd2 Ke5 28. Ne4 b6 29. Nc3 b5 0-1

[Event "Tula Timashkov Memorial"]
[Site "Tula"]
[Date "2005.04.16"]
[Round "9"]
[White "Khanov, Vjacheslav"]
[Black "Shensnovich, Vladimir"]
[Result "1-0"]
[WhiteElo "2255"]
[BlackElo "2159"]
[PlyCount "73"]
[EventDate "2005.04.05"]
[EventType "swiss"]
[EventRounds "9"]
[EventCountry "RUS"]
[SourceTitle "EXT 2006"]
[Source "ChessBase"]
[SourceDate "2005.11.24"]
[SourceVersion "1"]
[SourceVersionDate "2005.11.24"]
[SourceQuality "1"]

1. d4 Nf6 2. c4 e6 3. g3 d5 4. Bg2 Nbd7 5. Nc3 c6 6. Nf3 Bd6 7. 0-0 0-0 8. b3 Bb4 9. Qc2 Bxc3 10. Qxc3 Ne4 11. Qc2 f5 12. Ba3 Rf7 13. e3 g5 14. Ne5 Rg7 15. f3 Nef6 16. e4 dxe4 17. fxe4 Nxe5 18. dxe5 Ng4 19. Qc3 Qb6+ 20. c5 Qc7 21. Bb2 fxe4 22. Bxe4 Bd7 23. h3 Nh6 24. Rf6 Nf7 25. Raf1 Rd8 26. Bf3 Bc8 27. Bh5 Nh8 28. Bc1 Qe7 29. g4 Rd5 30. h4 h6 31. b4 Bd7 32. Qf3 Kh7 33. Rf8 Rg8 34. Qe4+ Kg7 35. R8f6 Be8 36. hxg5 Bg6 37. Bxg6 1-0

[Event "Tula Timashkov Memorial"]
[Site "Tula"]
[Date "2005.04.15"]
[Round "8"]
[White "Zaitsev, Alexander"]
[Black "Khanov, Vjacheslav"]
[Result "1-0"]
[WhiteElo "2402"]
[BlackElo "2255"]
[PlyCount "71"]
[EventDate "2005.04.05"]
[EventType "swiss"]
[EventRounds "9"]
[EventCountry "RUS"]
[SourceTitle "EXT 2006"]
[Source "ChessBase"]
[SourceDate "2005.11.24"]
[SourceVersion "1"]
[SourceVersionDate "2005.11.24"]
[SourceQuality "1"]

1. e4 e5 2. Nf3 Nc6 3. Bb5 a6 4. Ba4 Nf6 5. 0-0 Be7 6. Re1 b5 7. Bb3 d6 8. c3 Bg4 9. h3 Bxf3 10. Qxf3 0-0 11. d3 Na5 12. Bc2 c5 13. Nd2 Nd7 14. Nf1 Bg5 15. Ne3 Bxe3 16. Bxe3 Nc6 17. Rad1 Rc8 18. Qg3 Qf6 19. f4 Qg6 20. Qf2 exf4 21. Bxf4 Qf6 22. Qg3 Nde5 23. Rf1 Qe6 24. Rf2 Qg6 25. Qxg6 hxg6 26. d4 cxd4 27. cxd4 Nc4 28. b3 g5 29. Bc1 Nb6 30. Bxg5 f6 31. Bf4 d5 32. Bd6 Rfd8 33. Bc5 Rb8 34. Rf5 Kf7 35. e5 Ne7 36. e6+ 1-0

[Event "RUS-Cup sf 02"]
[Site "Tula"]
[Date "2005.02.28"]
[Round "5"]
[White "Zaitsev, Alexander"]
[Black "Khanov, Vjacheslav"]
[Result "1-0"]
[WhiteElo "2374"]
[BlackElo "2255"]
[PlyCount "73"]
[EventDate "2005.02.19"]
[EventType "swiss"]
[EventRounds "7"]
[EventCountry "RUS"]
[SourceTitle "EXT 2006"]
[Source "ChessBase"]
[SourceDate "2005.11.24"]
[SourceVersion "1"]
[SourceVersionDate "2005.11.24"]
[SourceQuality "1"]

1. e4 c5 2. Nf3 d6 3. d4 cxd4 4. Nxd4 Nf6 5. Nc3 g6 6. Be3 Bg7 7. f3 Nc6 8. Qd2 0-0 9. 0-0-0 d5 10. Qe1 e5 11. Nxc6 bxc6 12. exd5 cxd5 13. Bg5 Be6 14. Bc4 Rc8 15. Bxd5 Nxd5 16. Bxd8 Nxc3 17. bxc3 Rfxd8 18. Rxd8+ Rxd8 19. Qe3 Bxa2 20. Qxa7 Be6 21. Qb6 Rc8 22. Rd1 Bf6 23. Rd6 Rxc3 24. Kb2 e4 25. Qd8+ Kg7 26. Qxf6+ Kxf6 27. Kxc3 Ke5 28. Rd4 f5 29. fxe4 fxe4 30. Rd8 Bf5 31. Re8+ Kf4 32. Kd2 h5 33. c4 h4 34. c5 h3 35. gxh3 Kf3 36. c6 Kf2 37. c7 1-0

[Event "Tula Stek Cup"]
[Site "Tula"]
[Date "2004.11.26"]
[Round "10"]
[White "Khanov, Vjacheslav"]
[Black "Afromeev, Vladimir"]
[Result "0-1"]
[WhiteElo "2216"]
[BlackElo "2547"]
[PlyCount "38"]
[EventDate "2004.11.16"]
[EventType "tourn"]
[EventRounds "11"]
[EventCountry "RUS"]
[EventCategory "4"]
[SourceTitle "CBM 103 Extra"]
[Source "ChessBase"]
[SourceDate "2005.01.01"]
[SourceVersion "1"]
[SourceVersionDate "2005.01.01"]
[SourceQuality "1"]

1. e4 e5 2. Nf3 Nf6 3. Nxe5 Qe7 4. d4 Nc6 5. Nf3 Qxe4+ 6. Be2 d5 7. 0-0 Bd6 8. Nc3 Qe6 9. Re1 0-0 10. Bb5 Qg4 11. h3 Qh5 12. Bg5 Be6 13. Bxf6 gxf6 14. Bxc6 bxc6 15. Qd3 Bf5 16. Qf1 Kh8 17. Ne2 Rg8 18. Kh1 Rxg2 19. Ng3 Qxh3+ 0-1

[Event "Tula Stek Cup"]
[Site "Tula"]
[Date "2004.11.24"]
[Round "8"]
[White "Kozlov, Mikhail P"]
[Black "Khanov, Vjacheslav"]
[Result "0-1"]
[WhiteElo "2282"]
[BlackElo "2216"]
[PlyCount "62"]
[EventDate "2004.11.16"]
[EventType "tourn"]
[EventRounds "11"]
[EventCountry "RUS"]
[EventCategory "4"]
[SourceTitle "CBM 103 Extra"]
[Source "ChessBase"]
[SourceDate "2005.01.01"]
[SourceVersion "1"]
[SourceVersionDate "2005.01.01"]
[SourceQuality "1"]

1. e4 c5 2. Nf3 d6 3. Bb5+ Bd7 4. Bxd7+ Qxd7 5. c4 g6 6. d4 cxd4 7. Nxd4 Bg7 8. 0-0 Nc6 9. Be3 Nf6 10. f3 0-0 11. Nc3 Rfc8 12. b3 Qd8 13. Qd2 Qa5 14. Rac1 Nd7 15. Nde2 Nc5 16. Rfd1 a6 17. Nd5 Qxd2 18. Rxd2 Nd7 19. Kf2 Kf8 20. Nec3 Rab8 21. Nb6 Nxb6 22. Bxb6 Ne5 23. Nd5 Rc6 24. Bd4 Bh6 25. Be3 Bxe3+ 26. Kxe3 Nd7 27. Rdc2 Rbc8 28. Kd4 a5 29. Nc3 b6 30. Nb5 Rc5 31. Rd1 Rxb5 0-1

[Event "Tula Stek Cup"]
[Site "Tula"]
[Date "2004.11.20"]
[Round "5"]
[White "Khanov, Vjacheslav"]
[Black "Zhavoronkov, Evgeny"]
[Result "1-0"]
[WhiteElo "2216"]
[BlackElo "2279"]
[PlyCount "73"]
[EventDate "2004.11.16"]
[EventType "tourn"]
[EventRounds "11"]
[EventCountry "RUS"]
[EventCategory "4"]
[SourceTitle "CBM 103 Extra"]
[Source "ChessBase"]
[SourceDate "2005.01.01"]
[SourceVersion "1"]
[SourceVersionDate "2005.01.01"]
[SourceQuality "1"]

1. d4 d5 2. c4 c6 3. Nc3 e6 4. e3 Nf6 5. Nf3 Bd6 6. Bd2 0-0 7. Qc2 Nbd7 8. cxd5 exd5 9. Bd3 Re8 10. 0-0 Nf8 11. h3 Be6 12. Ne5 N6d7 13. Nxd7 Bxd7 14. e4 dxe4 15. Nxe4 Bc7 16. Nc5 Bc8 17. Bc3 Bxh3 18. gxh3 Qg5+ 19. Kh1 Qh4 20. Kg2 Qg5+ 21. Kh1 Qh4 22. Kg2 b6 23. Nb3 Ne6 24. Bd2 Bf4 25. Rh1 Bxd2 26. Qxd2 Nf4+ 27. Kf1 Re6 28. Re1 Rae8 29. Rxe6 Rxe6 30. Nc1 g6 31. Ne2 Nxh3 32. Ng1 Qf4 33. Qxf4 Nxf4 34. Bc2 Rd6 35. Nf3 f6 36. Rh4 Nh5 37. Re4 1-0

[Event "Tula-ch Region"]
[Site "Tula"]
[Date "2002.??.??"]
[Round "7"]
[White "Kainov, Aleksey"]
[Black "Khanov, Vjacheslav"]
[Result "0-1"]
[WhiteElo "2208"]
[BlackElo "2257"]
[PlyCount "106"]
[EventDate "2002.??.??"]
[EventType "swiss"]
[EventRounds "9"]
[EventCountry "RUS"]
[SourceTitle "EXT 2003"]
[Source "ChessBase"]
[SourceDate "2002.11.25"]
[SourceVersion "1"]
[SourceVersionDate "2002.11.25"]
[SourceQuality "1"]

1. Nf3 d5 2. c4 d4 3. e3 Nc6 4. exd4 Nxd4 5. Nxd4 Qxd4 6. Nc3 c6 7. d3 Bg4 8. Qa4 Qd7 9. Be3 e5 10. f3 Bf5 11. 0-0-0 Nf6 12. g4 Be6 13. g5 Nh5 14. d4 Qc7 15. d5 Bd7 16. c5 Qc8 17. Qe4 Be7 18. d6 Bd8 19. Qxe5+ Kf8 20. Bc4 Be6 21. Bd3 Qd7 22. Kb1 Qe8 23. Ka1 f6 24. gxf6 Bxf6 25. Qe4 Qf7 26. Bd4 Re8 27. Bxf6 Nxf6 28. Qf4 Nd7 29. Qxf7+ Kxf7 30. b4 a5 31. a3 axb4 32. axb4 b6 33. cxb6 Nxb6 34. Kb2 Rb8 35. Kc2 Rhd8 36. Ne4 h6 37. Nc5 Nd5 38. Nxe6 Kxe6 39. Bc4 Rxb4 40. Rhe1+ Kxd6 41. Bxd5 cxd5 42. Kc3 Rc4+ 43. Kd3 Rh4 44. Rd2 Ra8 45. Rc1 Rh3 46. Rf2 Ra3+ 47. Rc3 Rxc3+ 48. Kxc3 Ke5 49. Kd3 Kf4 50. Kd4 Rxf3 51. Rg2 g5 52. Kxd5 Re3 53. Kd4 Re8 0-1

[Event "Tula-ch Region"]
[Site "Tula"]
[Date "2002.??.??"]
[Round "9"]
[White "Manaenkov, Vladimir Nikolaevic"]
[Black "Khanov, Vjacheslav"]
[Result "1-0"]
[WhiteElo "2200"]
[BlackElo "2257"]
[PlyCount "121"]
[EventDate "2002.??.??"]
[EventType "swiss"]
[EventRounds "9"]
[EventCountry "RUS"]
[SourceTitle "EXT 2003"]
[Source "ChessBase"]
[SourceDate "2002.11.25"]
[SourceVersion "1"]
[SourceVersionDate "2002.11.25"]
[SourceQuality "1"]

1. d4 Nf6 2. c4 c5 3. d5 d6 4. Nc3 g6 5. Nf3 Bg7 6. e4 0-0 7. h3 e6 8. Bd3 a6 9. a4 Re8 10. 0-0 exd5 11. cxd5 Nbd7 12. Bf4 c4 13. Bc2 Nc5 14. Nd2 Qc7 15. Qe2 Bf5 16. Qxc4 Bd7 17. b4 b5 18. axb5 Bxb5 19. Nxb5 axb5 20. Qxc5 Qxc5 21. bxc5 Rxa1 22. Rxa1 Nxd5 23. exd5 Bxa1 24. cxd6 Re1+ 25. Kh2 Be5 26. Bxe5 Rxe5 27. Ne4 Kf8 28. Nf6 Re2 29. Bd3 Rb2 30. f3 Rb3 31. Be4 Ra3 32. Kg3 Ra6 33. Nxh7+ Kg7 34. Ng5 Rxd6 35. Kf4 b4 36. Ke5 Rb6 37. Kd4 b3 38. Bb1 b2 39. Ne4 f5 40. Nd2 Kf6 41. Nc4 Rb8 42. f4 Ra8 43. Kc3 Rc8 44. Bd3 Rc5 45. d6 Rd5 46. Nxb2 Rxd6 47. Nc4 Ra6 48. Be2 Ra1 49. Kd3 Rb1 50. Ke3 Rc1 51. Ne5 Rc3+ 52. Bd3 Ra3 53. g4 Ra4 54. gxf5 gxf5 55. Nf3 Ra8 56. Nd4 Re8+ 57. Kf3 Rd8 58. Ke3 Re8+ 59. Kd2 Rd8 60. Nxf5 Rh8 61. h4 1-0